Ładuje się......

Thayumanavar gitavali/

Opis bibliograficzny
1. autor: Bhaskaran Nair Thiruvallam
Format: Printed Book
Wydane: Thiruvananthapuram: Arulnilayam. 1970.
Hasła przedmiotowe:
LEADER 00512nam a22001451a 4500
999 |c 46636  |d 46636 
082 |a M 894.811  |b BHA/T 
100 |a Bhaskaran Nair Thiruvallam 
245 |a Thayumanavar gitavali/  |c by Bhaskaran Nair Thiruvallam 
260 |a Thiruvananthapuram:  |b Arulnilayam.  |c 1970. 
300 |a 357p. 
650 |a Literature Tamil 
650 |a Thirukurul 
942 |c BK 
952 |0 0  |1 0  |4 0  |6 M_894_811000000000000_BHA_T  |7 0  |9 67463  |a SSUS  |b SSUS  |d 2015-01-08  |g 10.00  |o M 894.811 BHA/T  |p 049375  |r 2017-03-07  |v 0.00  |w 2015-01-08  |y BK